000 00448nam a2200169Ia 4500
008 131103s9999 xx 000 0 und d
040 _aLoreto College
041 _aEnglish
082 _a891.442/BHA
_bLCLIB/21521
100 _aBhattacharyya, Bidhayk
245 _aAndha debata
_cBidhayk Bhattacharyya
260 _a[S.l.]
_b[s.n.]
_c[19-?]
300 _a89p.
_c 19cm.
650 _aBengali poetry
850 _aLCLIB/891.442/BHA
942 _cBK
999 _c21193
_d71672